[Event "Sao Jose do Rio Preto 05th"]
[Site "Sao Jose de Rio Preto"]
[Date "2006.03.??"]
[Round "5"]
[White "Asfora, Marco Antonio Hazin"]
[Black "Mekhitarian, Krikor Sevag"]
[Result "1/2-1/2"]
[WhiteElo "2297"]
[BlackElo "2394"]
[PlyCount "112"]
[EventDate "2006.03.??"]
[EventType "tourn"]
[EventRounds "11"]
[EventCountry "BRA"]
[SourceTitle "EXT 2007"]
[Source "ChessBase"]
[SourceDate "2006.11.23"]
[SourceVersion "1"]
[SourceVersionDate "2006.11.23"]
[SourceQuality "1"]

1. d4 Nf6 2. Nf3 e6 3. c4 b6 4. g3 Bb7 5. Bg2 Be7 6. Nc3 Ne4 7. Nxe4 Bxe4 8.
O-O O-O 9. Ne1 Bxg2 10. Nxg2 d5 11. Qd3 Bf6 12. Rd1 Nc6 13. Be3 Na5 14. b3 dxc4
15. bxc4 c5 16. Rac1 cxd4 17. Bxd4 Qxd4 18. Qxd4 Bxd4 19. Rxd4 Rac8 20. Ne3 Rc7
21. Rcd1 Nc6 22. Rd7 Rfc8 23. f4 Kf8 24. Kf2 Ke8 25. Rxc7 Rxc7 26. Kf3 Na5 27.
Rd4 Rc5 28. g4 Nc6 29. Rd2 Ra5 30. Rb2 Ra3 31. Ke4 g6 32. g5 Na5 33. Rc2 Nb7
34. Ng4 Ke7 35. Kd4 Nc5 36. Ne5 f6 37. gxf6+ Kxf6 38. Nd3 Ra5 39. Nxc5 Rxc5 40.
e4 e5+ 41. fxe5+ Rxe5 42. Rf2+ Ke6 43. Rf3 Ra5 44. a3 Ra4 45. Rb3 Kd6 46. h4
Ke6 47. h5 gxh5 48. Rb5 Kf6 49. Rxh5 Kg6 50. Rh3 b5 51. Kd5 Rxc4 52. e5 Rc1 53.
Rf3 Rd1+ 54. Ke6 Re1 55. Kd5 Rd1+ 56. Kc6 Re1 1/2-1/2

[Event "Sao Jose do Rio Preto 05th"]
[Site "Sao Jose de Rio Preto"]
[Date "2006.03.??"]
[Round "7"]
[White "Stamenkovic, Dragan"]
[Black "Mekhitarian, Krikor Sevag"]
[Result "1/2-1/2"]
[WhiteElo "2334"]
[BlackElo "2394"]
[PlyCount "57"]
[EventDate "2006.03.??"]
[EventType "tourn"]
[EventRounds "11"]
[EventCountry "BRA"]
[SourceTitle "EXT 2007"]
[Source "ChessBase"]
[SourceDate "2006.11.23"]
[SourceVersion "1"]
[SourceVersionDate "2006.11.23"]
[SourceQuality "1"]

1. d4 Nf6 2. Bg5 g6 3. Bxf6 exf6 4. c4 f5 5. Nc3 d6 6. e3 Nd7 7. g3 h5 8. h4
Nf6 9. Bg2 Bh6 10. Nge2 O-O 11. Qd3 Ng4 12. Nd5 Re8 13. b4 c6 14. Ndf4 Bd7 15.
a4 a6 16. Bf3 Qe7 17. Kf1 Rad8 18. Kg2 Ne5 19. dxe5 dxe5 20. Qb3 exf4 21. Nxf4
Bxf4 22. exf4 Be6 23. Rhd1 Rxd1 24. Rxd1 b5 25. axb5 cxb5 26. Bd5 bxc4 27. Bxc4
Qb7+ 28. Kg1 Bxc4 29. Qxc4 1/2-1/2

[Event "Sao Jose do Rio Preto 05th"]
[Site "Sao Jose de Rio Preto"]
[Date "2006.03.??"]
[Round "10"]
[White "Crosa Coll, Martin"]
[Black "Mekhitarian, Krikor Sevag"]
[Result "0-1"]
[WhiteElo "2449"]
[BlackElo "2394"]
[PlyCount "76"]
[EventDate "2006.03.??"]
[EventType "tourn"]
[EventRounds "11"]
[EventCountry "BRA"]
[SourceTitle "EXT 2007"]
[Source "ChessBase"]
[SourceDate "2006.11.23"]
[SourceVersion "1"]
[SourceVersionDate "2006.11.23"]
[SourceQuality "1"]

1. c4 c5 2. Nc3 Nc6 3. e3 e5 4. Nf3 Nf6 5. Be2 d5 6. cxd5 Nxd5 7. Qa4 Nb6 8.
Qc2 Be7 9. d3 O-O 10. Bd2 Be6 11. Ne4 Rc8 12. O-O Nb4 13. Qb1 f5 14. Ng3 Nc6
15. a3 a5 16. Re1 c4 17. e4 f4 18. Nf1 g5 19. h3 h5 20. Bc3 Bf6 21. N3h2 cxd3
22. Qxd3 Qxd3 23. Bxd3 Na4 24. Be2 Bf7 25. Red1 Nd4 26. Bxd4 exd4 27. Rab1 Rc2
28. Rd2 d3 29. Bxd3 Rxd2 30. Nxd2 Rd8 31. Bb5 Rxd2 32. Bxa4 Rxb2 33. Rc1 b5 34.
Rc8+ Kg7 35. Bc2 Bc4 36. Rc7+ Kf8 37. Rc8+ Kf7 38. e5 Rxc2 0-1

[Event "Sao Jose do Rio Preto 05th"]
[Site "Sao Jose de Rio Preto"]
[Date "2006.03.??"]
[Round "11"]
[White "Mekhitarian, Krikor Sevag"]
[Black "Borges, Leomar Barbero"]
[Result "1/2-1/2"]
[WhiteElo "2394"]
[BlackElo "2303"]
[PlyCount "21"]
[EventDate "2006.03.??"]
[EventType "tourn"]
[EventRounds "11"]
[EventCountry "BRA"]
[SourceTitle "EXT 2007"]
[Source "ChessBase"]
[SourceDate "2006.11.23"]
[SourceVersion "1"]
[SourceVersionDate "2006.11.23"]
[SourceQuality "1"]

1. e4 Nf6 2. e5 Nd5 3. d4 d6 4. Nf3 Bg4 5. Be2 e6 6. O-O Be7 7. c4 Nb6 8. exd6
cxd6 9. Nc3 O-O 10. h3 Bh5 11. Be3 1/2-1/2

[Event "Mario Covas 6th"]
[Site "Santos"]
[Date "2006.04.29"]
[Round "1"]
[White "Mekhitarian, Krikor Sevag"]
[Black "Matsuura, Everaldo"]
[Result "1-0"]
[WhiteElo "2421"]
[BlackElo "2473"]
[PlyCount "131"]
[EventDate "2006.04.29"]
[EventType "tourn"]
[EventRounds "9"]
[EventCountry "BRA"]
[EventCategory "9"]
[SourceTitle "CBM 112 Extra"]
[Source "ChessBase"]
[SourceDate "2006.07.14"]
[SourceVersion "1"]
[SourceVersionDate "2006.07.14"]
[SourceQuality "1"]

1. e4 e5 2. Nf3 Nc6 3. Bb5 a6 4. Ba4 Nf6 5. O-O Be7 6. Re1 b5 7. Bb3 O-O 8. h3
d6 9. c3 Na5 10. Bc2 c5 11. d4 Qc7 12. Nbd2 Rd8 13. b3 Nc6 14. d5 Nb8 15. a4
bxa4 16. bxa4 a5 17. Bd3 Nbd7 18. Nc4 Nb6 19. Nxb6 Qxb6 20. Nd2 Qc7 21. Nc4 Nd7
22. Na3 Nb6 23. Nb5 Qd7 24. c4 Ba6 25. Bd2 Bxb5 26. axb5 a4 27. Ra3 Ra7 28. Qe2
Rda8 29. Rea1 Qd8 30. g3 Bg5 31. Bc3 Qd7 32. Kg2 Bd8 33. f4 f6 34. f5 Nc8 35.
Qc2 Ba5 36. Bxa5 Rxa5 37. Rxa4 Rxa4 38. Rxa4 Qb7 39. Qa2 Rxa4 40. Qxa4 Nb6 41.
Qa5 Kf8 42. g4 h6 43. h4 Qb8 44. Kf3 Kf7 45. Qa6 Qc7 46. Be2 Qb8 47. Kg3 Kf8
48. Qa5 Qc7 49. g5 fxg5 50. hxg5 hxg5 51. Bh5 Qb8 52. Qd2 Qd8 53. Qh2 Ke7 54.
Qa2 Nd7 55. Qa7 Qb6 56. Qa8 Qd8 57. Qxd8+ Kxd8 58. Kg4 Ke7 59. Kxg5 Kf8 60. Kg6
Kg8 61. Bg4 Nb6 62. f6 gxf6 63. Be2 Nd7 64. Bg4 Nb6 65. Kxf6 Nxc4 66. Ke7 1-0

[Event "Mario Covas 6th"]
[Site "Santos"]
[Date "2006.04.30"]
[Round "2"]
[White "Milos, Gilberto"]
[Black "Mekhitarian, Krikor Sevag"]
[Result "1/2-1/2"]
[WhiteElo "2589"]
[BlackElo "2421"]
[PlyCount "132"]
[EventDate "2006.04.29"]
[EventType "tourn"]
[EventRounds "9"]
[EventCountry "BRA"]
[EventCategory "9"]
[SourceTitle "CBM 112 Extra"]
[Source "ChessBase"]
[SourceDate "2006.07.14"]
[SourceVersion "1"]
[SourceVersionDate "2006.07.14"]
[SourceQuality "1"]

1. d4 Nf6 2. Nf3 e6 3. Bg5 c5 4. e3 Be7 5. Bd3 h6 6. Bxf6 Bxf6 7. Nbd2 cxd4 8.
exd4 d6 9. Qe2 Qa5 10. O-O Be7 11. Nc4 Qc7 12. Rae1 O-O 13. Qe4 g6 14. Qf4 Kg7
15. Qg3 Qd8 16. Re2 Na6 17. c3 b5 18. Ne3 Nc7 19. Rfe1 Rb8 20. h4 Bf6 21. Be4
h5 22. Nf1 Rb6 23. N1d2 b4 24. c4 Ra6 25. Bb1 Bb7 26. Qf4 e5 27. dxe5 dxe5 28.
Nxe5 Ne6 29. Qh2 Bxh4 30. Ndf3 Bf6 31. Rd2 Qb8 32. Qg3 Bxf3 33. gxf3 h4 34. Qh2
Bg5 35. Rd5 Rd8 36. Kh1 Bf4 37. Qh3 Rxd5 38. cxd5 Bxe5 39. dxe6 Rxe6 40. f4
Bxb2 41. Rxe6 fxe6 42. Qxe6 Qxf4 43. Qxg6+ Kf8 44. Qf5+ Qxf5 45. Bxf5 Ke7 46.
Kg2 Kd6 47. Kh3 Bf6 48. f4 Kd5 49. Bc2 Kd4 50. f5 Kc3 51. Bb3 Kb2 52. Kg2 a5
53. Kh3 Ka3 54. Kg2 a4 55. Bd1 Kxa2 56. Bxa4 b3 57. Bxb3+ Kxb3 58. Kh1 Kc3 59.
Kg2 Kd3 60. Kh1 Ke2 61. Kg2 Ke3 62. Kh1 Kf3 63. Kh2 Kg4 64. Kh1 Kg3 65. Kg1 h3
66. Kh1 h2 1/2-1/2

[Event "Mario Covas 6th"]
[Site "Santos"]
[Date "2006.05.02"]
[Round "4"]
[White "Fier, Alexandr"]
[Black "Mekhitarian, Krikor Sevag"]
[Result "1/2-1/2"]
[WhiteElo "2471"]
[BlackElo "2421"]
[PlyCount "106"]
[EventDate "2006.04.29"]
[EventType "tourn"]
[EventRounds "9"]
[EventCountry "BRA"]
[EventCategory "9"]
[SourceTitle "CBM 112 Extra"]
[Source "ChessBase"]
[SourceDate "2006.07.14"]
[SourceVersion "1"]
[SourceVersionDate "2006.07.14"]
[SourceQuality "1"]

1. Nc3 c5 2. e4 a6 3. g3 b5 4. Bg2 Bb7 5. d3 e6 6. Nf3 d6 7. O-O Nf6 8. a4 b4
9. Ne2 Be7 10. h3 O-O 11. Re1 Nbd7 12. g4 Ne8 13. Ng3 g6 14. Bh6 Ng7 15. Qd2 e5
16. Kh2 Re8 17. Ng5 Nf8 18. f4 Nfe6 19. Nxe6 Nxe6 20. Ne2 exf4 21. Nxf4 Nxf4
22. Bxf4 Bf8 23. Bg5 Be7 24. Bf4 Bf8 25. Bg5 Qd7 26. Bf6 Bg7 27. g5 Qe6 28. Rf1
Bxf6 29. Rxf6 Qe5+ 30. Qf4 Qxf4+ 31. Rxf4 Rad8 32. Raf1 Re7 33. h4 a5 34. Bh3
Bc6 35. b3 Be8 36. Bg2 Re5 37. Kg3 Kg7 38. Rf6 h6 39. Kf4 Re7 40. Kg3 Re5 41.
Kg4 hxg5 42. hxg5 Bd7+ 43. Kf4 Be6 44. Rh1 Rh8 45. Rxh8 Kxh8 46. Bf3 Kg7 47.
Bg4 Kf8 48. Bxe6 Rxe6 49. Rxe6 fxe6 50. Kg4 e5 51. Kf3 Ke7 52. Ke3 Kd7 53. Kd2
Kc6 1/2-1/2

[Event "Mario Covas 6th"]
[Site "Santos"]
[Date "2006.05.05"]
[Round "7"]
[White "Mekhitarian, Krikor Sevag"]
[Black "Zambrana, Oswaldo"]
[Result "1/2-1/2"]
[WhiteElo "2421"]
[BlackElo "2425"]
[PlyCount "111"]
[EventDate "2006.04.29"]
[EventType "tourn"]
[EventRounds "9"]
[EventCountry "BRA"]
[EventCategory "9"]
[SourceTitle "CBM 112 Extra"]
[Source "ChessBase"]
[SourceDate "2006.07.14"]
[SourceVersion "1"]
[SourceVersionDate "2006.07.14"]
[SourceQuality "1"]

1. e4 c5 2. Nf3 Nc6 3. d4 cxd4 4. Nxd4 Nf6 5. Nc3 e5 6. Ndb5 d6 7. Bg5 a6 8.
Na3 b5 9. Bxf6 gxf6 10. Nd5 Bg7 11. Bd3 Ne7 12. Nxe7 Qxe7 13. O-O O-O 14. c4 f5
15. Qh5 Rb8 16. exf5 e4 17. Rae1 Bb7 18. Qg4 Qf6 19. Bxe4 Bxe4 20. Rxe4 bxc4
21. Rxc4 Rxb2 22. Rc6 Rxa2 23. Rxa6 Kh8 24. Qc4 Qb2 25. Nb1 Rxa6 26. Qxa6 Qd4
27. Na3 Be5 28. g3 Qe4 29. Nc4 Qxf5 30. Rd1 Qf3 31. Qa4 Ra8 32. Nxe5 dxe5 33.
Qc2 Kg7 34. Re1 Ra7 35. Qc5 Ra2 36. Qxe5+ Qf6 37. Qe3 Ra1 38. Rxa1 Qxa1+ 39.
Kg2 Qf6 40. Qf3 Qd4 41. Qf5 h6 42. Kh3 Qd6 43. Kh4 Qe7+ 44. Kh5 Qd6 45. h4 Qc6
46. Qe5+ Kh7 47. Kg4 Qb6 48. Kf3 Qa6 49. g4 Qd3+ 50. Qe3 Qd1+ 51. Qe2 Qh1+ 52.
Kg3 Qg1+ 53. Kf4 Qh2+ 54. Kf5 Qxh4 55. f4 Qd8 56. Ke4 1/2-1/2

[Event "Mario Covas 6th"]
[Site "Santos"]
[Date "2006.05.06"]
[Round "8"]
[White "Mekhitarian, Krikor Sevag"]
[Black "Coelho, Luis Henrique"]
[Result "1-0"]
[WhiteElo "2421"]
[BlackElo "2394"]
[PlyCount "103"]
[EventDate "2006.04.29"]
[EventType "tourn"]
[EventRounds "9"]
[EventCountry "BRA"]
[EventCategory "9"]
[SourceTitle "CBM 112 Extra"]
[Source "ChessBase"]
[SourceDate "2006.07.14"]
[SourceVersion "1"]
[SourceVersionDate "2006.07.14"]
[SourceQuality "1"]

1. e4 e6 2. d4 d5 3. Nc3 Nf6 4. Bg5 dxe4 5. Nxe4 Nbd7 6. Nf3 h6 7. Nxf6+ Nxf6
8. Be3 Nd5 9. Bd3 c5 10. O-O Bd6 11. Qd2 Nxe3 12. fxe3 Qe7 13. Bb5+ Bd7 14.
Bxd7+ Qxd7 15. dxc5 Bxc5 16. Qc3 Qc7 17. Qxg7 Bxe3+ 18. Kh1 O-O-O 19. Rae1 Rhg8
20. Qf6 Bf4 21. g3 Bd6 22. c3 Rg6 23. Qh4 f5 24. Qh5 Rdg8 25. Nh4 Rf6 26. Qf3
Rgf8 27. Ng2 e5 28. Ne3 e4 29. Qh5 Qc5 30. c4 R6f7 31. Nd5 Qd4 32. Rd1 Qe5 33.
Nf4 Qf6 34. Nd5 Qe6 35. b4 e3 36. Nxe3 Bxg3 37. Nd5 Qe4+ 38. Qf3 Bd6 39. Rde1
Qxf3+ 40. Rxf3 Kd7 41. c5 Bb8 42. Rd3 Kc8 43. Ne7+ Kc7 44. b5 f4 45. Nd5+ Kc8
46. Ne7+ Kc7 47. Re6 b6 48. cxb6+ axb6 49. Rc6+ Kb7 50. Rd7+ Ka8 51. Rxb6 Rf6
52. Nc6 1-0

[Event "Mario Covas 6th"]
[Site "Santos"]
[Date "2006.05.07"]
[Round "9"]
[White "Lafuente, Pablo"]
[Black "Mekhitarian, Krikor Sevag"]
[Result "1/2-1/2"]
[WhiteElo "2405"]
[BlackElo "2421"]
[PlyCount "69"]
[EventDate "2006.04.29"]
[EventType "tourn"]
[EventRounds "9"]
[EventCountry "BRA"]
[EventCategory "9"]
[SourceTitle "CBM 112 Extra"]
[Source "ChessBase"]
[SourceDate "2006.07.14"]
[SourceVersion "1"]
[SourceVersionDate "2006.07.14"]
[SourceQuality "1"]

1. d4 Nf6 2. c4 e6 3. Nc3 Bb4 4. Qc2 c5 5. dxc5 O-O 6. Nf3 Na6 7. Bd2 Nxc5 8.
a3 Bxc3 9. Bxc3 a5 10. Nd2 b6 11. b4 axb4 12. axb4 Rxa1+ 13. Bxa1 Na6 14. Bc3
Qe7 15. Qb2 Bb7 16. e3 Rc8 17. Be2 d5 18. O-O dxc4 19. Nxc4 Nd5 20. Bd2 Ndxb4
21. Rb1 Nc6 22. Nxb6 Rd8 23. Na4 Bc8 24. Bc3 Nab8 25. Qb6 Bd7 26. Qc5 Qxc5 27.
Nxc5 Be8 28. f3 Nd7 29. Nxd7 Bxd7 30. Rb7 Be8 31. Kf2 Rd7 32. Rb6 Rc7 33. e4
Kf8 34. Bb2 Ra7 35. Bc3 1/2-1/2

[Event "Guarapuava"]
[Site "Guarapuava"]
[Date "2006.08.??"]
[Round "1"]
[White "Giaccio, Alfredo Gustavo"]
[Black "Mekhitarian, Krikor Sevag"]
[Result "1-0"]
[WhiteElo "2465"]
[BlackElo "2448"]
[PlyCount "59"]
[EventDate "2006.08.??"]
[EventType "tourn"]
[EventRounds "9"]
[EventCountry "BRA"]
[SourceTitle "EXT 2007"]
[Source "ChessBase"]
[SourceDate "2006.11.23"]
[SourceVersion "1"]
[SourceVersionDate "2006.11.23"]
[SourceQuality "1"]

1. e4 c5 2. Nf3 d6 3. d4 cxd4 4. Nxd4 Nf6 5. f3 e5 6. Nb3 Be6 7. c4 Nbd7 8. Nc3
Be7 9. Be3 a6 10. Qd2 O-O 11. Nd5 Bxd5 12. cxd5 Qb8 13. g3 Bd8 14. Na5 Bb6 15.
Bxb6 Nxb6 16. Bh3 Nbd7 17. O-O Rc8 18. Rfc1 Rc5 19. b4 Rxa5 20. bxa5 Nc5 21.
Qb4 Qa7 22. Qb6 Ne8 23. Rab1 Qxb6 24. Rxb6 Rb8 25. f4 exf4 26. e5 Na4 27. gxf4
Nxb6 28. axb6 f6 29. Be6+ Kf8 30. Rc7 1-0

[Event "Guarapuava"]
[Site "Guarapuava"]
[Date "2006.08.??"]
[Round "2"]
[White "Milos, Gilberto"]
[Black "Mekhitarian, Krikor Sevag"]
[Result "1/2-1/2"]
[WhiteElo "2563"]
[BlackElo "2448"]
[PlyCount "114"]
[EventDate "2006.08.??"]
[EventType "tourn"]
[EventRounds "9"]
[EventCountry "BRA"]
[SourceTitle "EXT 2007"]
[Source "ChessBase"]
[SourceDate "2006.11.23"]
[SourceVersion "1"]
[SourceVersionDate "2006.11.23"]
[SourceQuality "1"]

1. c4 c5 2. Nf3 Nc6 3. d4 cxd4 4. Nxd4 Nf6 5. Nc3 e6 6. g3 Qb6 7. Nb3 Ne5 8. e4
Bb4 9. Qe2 d6 10. Bd2 a5 11. f4 Nc6 12. Nb5 a4 13. Bxb4 Nxb4 14. N3d4 e5 15.
Qd2 Na6 16. Nf5 Bxf5 17. Nxd6+ Kf8 18. exf5 Rd8 19. O-O-O Ne4 20. Nxe4 Rxd2 21.
Rxd2 Ke7 22. Nc3 Nc7 23. Bg2 Rd8 24. Rxd8 Kxd8 25. Rd1+ Kc8 26. fxe5 Qe3+ 27.
Kb1 Qxe5 28. a3 Qxf5+ 29. Be4 Qh5 30. Rd2 Qe5 31. Rf2 Qe7 32. Re2 Qd7 33. Bc2
Ne6 34. Nxa4 Qc6 35. Rd2 Kb8 36. b3 Qh1+ 37. Kb2 Qe1 38. Rd7 Qf2 39. Kc3 Qe1+
40. Kb2 Qf2 41. Kc3 Qe3+ 42. Bd3 Qe5+ 43. Kb4 Qe1+ 44. Nc3 Qe3 45. Nb5 Qd2+ 46.
Nc3 Kc8 47. Rd5 Qe3 48. Bf5 Qb6+ 49. Nb5 Qf2 50. Bxe6+ fxe6 51. Rc5+ Kd8 52.
Rc7 e5 53. Rxb7 e4 54. Rb8+ Kd7 55. Rb7+ Kd8 56. Rb8+ Ke7 57. Rb7+ Kd8 1/2-1/2

[Event "Guarapuava"]
[Site "Guarapuava"]
[Date "2006.08.??"]
[Round "3"]
[White "Mekhitarian, Krikor Sevag"]
[Black "Crosa Coll, Martin"]
[Result "1/2-1/2"]
[WhiteElo "2448"]
[BlackElo "2405"]
[PlyCount "112"]
[EventDate "2006.08.??"]
[EventType "tourn"]
[EventRounds "9"]
[EventCountry "BRA"]
[SourceTitle "EXT 2007"]
[Source "ChessBase"]
[SourceDate "2006.11.23"]
[SourceVersion "1"]
[SourceVersionDate "2006.11.23"]
[SourceQuality "1"]

1. e4 c5 2. Nf3 Nc6 3. d4 cxd4 4. Nxd4 Nf6 5. Nc3 e5 6. Ndb5 d6 7. Bg5 a6 8.
Na3 Be6 9. Nc4 Rc8 10. Bxf6 gxf6 11. Ne3 Bh6 12. Ng4 Bf4 13. g3 h5 14. gxf4
exf4 15. Nxf6+ Qxf6 16. Qxd6 Rd8 17. Nd5 Rxd6 18. Nxf6+ Ke7 19. Nd5+ Bxd5 20.
exd5 Rxd5 21. Rd1 Rxd1+ 22. Kxd1 Rd8+ 23. Bd3 f5 24. Rg1 Kf6 25. h4 Ne5 26. Rg5
Nxd3 27. cxd3 Rxd3+ 28. Ke2 Rd5 29. Rxh5 Rb5 30. b3 Ra5 31. Rh6+ Ke5 32. Rb6
Rxa2+ 33. Kf3 Rc2 34. h5 Rc3+ 35. Kg2 Rc7 36. h6 a5 37. Kh3 Ke4 38. Kh4 Rc1 39.
Rxb7 Kf3 40. Kg5 Rh1 41. h7 Kxf2 42. Kxf4 Rh5 43. Re7 Kg2 44. Ke5 Kg3 45. Rg7+
Kf3 46. Kf6 f4 47. Kg6 Rh1 48. Ra7 Ke4 49. Rxa5 f3 50. Ra2 Rg1+ 51. Kf7 Rh1 52.
Kg8 Rg1+ 53. Kf8 Rh1 54. Kg7 Rg1+ 55. Kf7 Rh1 56. Kg7 Rg1+ 1/2-1/2

[Event "Guarapuava"]
[Site "Guarapuava"]
[Date "2006.08.??"]
[Round "5"]
[White "Mekhitarian, Krikor Sevag"]
[Black "Mecking, Henrique"]
[Result "0-1"]
[WhiteElo "2448"]
[BlackElo "2554"]
[PlyCount "128"]
[EventDate "2006.08.??"]
[EventType "tourn"]
[EventRounds "9"]
[EventCountry "BRA"]
[SourceTitle "EXT 2007"]
[Source "ChessBase"]
[SourceDate "2006.11.23"]
[SourceVersion "1"]
[SourceVersionDate "2006.11.23"]
[SourceQuality "1"]

1. e4 c5 2. Nf3 d6 3. d4 cxd4 4. Nxd4 Nf6 5. Nc3 a6 6. Bc4 e6 7. Bb3 b5 8. Bg5
Be7 9. Qf3 Qb6 10. O-O-O Nbd7 11. Rhe1 O-O 12. Qg3 Nc5 13. Bh6 Ne8 14. f4 Kh8
15. Bg5 Bxg5 16. fxg5 f6 17. gxf6 gxf6 18. Qh4 Ra7 19. g4 Rg7 20. h3 Bd7 21. a3
a5 22. Qh6 b4 23. axb4 axb4 24. Na2 e5 25. Nf5 Bxf5 26. exf5 Nxb3+ 27. cxb3
Rff7 28. Kb1 Rb7 29. Re4 Qa5 30. Qd2 Rb5 31. Rxb4 Ra7 32. Ra4 Qb6 33. Rxa7 Qxa7
34. b4 Qb7 35. Qe2 Rb6 36. Qc4 Kg7 37. Qd5 Qxd5 38. Rxd5 h5 39. Ra5 hxg4 40.
hxg4 Rb8 41. b5 Kh6 42. Nc3 Kg5 43. Ra4 Nc7 44. Ra7 Nxb5 45. Rg7+ Kf4 46. Nd5+
Kf3 47. Nxf6 e4 48. Re7 e3 49. g5 Nd4 50. Nd5 Nxf5 51. Re6 Rb3 52. Nc3 Rb7 53.
Kc1 Re7 54. Rf6 Kg4 55. g6 Kg5 56. Rf7 Kxg6 57. Rxe7 Nxe7 58. Kc2 Kf5 59. Kd3
Kf4 60. b4 Kf3 61. b5 Nd5 62. Nb1 Kf2 63. Na3 e2 64. Nc2 Nb4+ 0-1

[Event "Guarapuava"]
[Site "Guarapuava"]
[Date "2006.08.??"]
[Round "6"]
[White "Disconzi da Silva, Rodrigo"]
[Black "Mekhitarian, Krikor Sevag"]
[Result "1/2-1/2"]
[WhiteElo "2403"]
[BlackElo "2448"]
[PlyCount "30"]
[EventDate "2006.08.??"]
[EventType "tourn"]
[EventRounds "9"]
[EventCountry "BRA"]
[SourceTitle "EXT 2007"]
[Source "ChessBase"]
[SourceDate "2006.11.23"]
[SourceVersion "1"]
[SourceVersionDate "2006.11.23"]
[SourceQuality "1"]

1. d4 d5 2. c4 c6 3. Nf3 Nf6 4. cxd5 cxd5 5. Nc3 Nc6 6. Bf4 a6 7. Rc1 Ne4 8. e3
Nxc3 9. bxc3 Bf5 10. Bd3 Bxd3 11. Qxd3 e6 12. O-O Bd6 13. Bxd6 Qxd6 14. c4 dxc4
15. Rxc4 O-O 1/2-1/2

[Event "Guarapuava"]
[Site "Guarapuava"]
[Date "2006.08.??"]
[Round "7"]
[White "Mekhitarian, Krikor Sevag"]
[Black "Matsuura, Everaldo"]
[Result "0-1"]
[WhiteElo "2448"]
[BlackElo "2445"]
[PlyCount "132"]
[EventDate "2006.08.??"]
[EventType "tourn"]
[EventRounds "9"]
[EventCountry "BRA"]
[SourceTitle "EXT 2007"]
[Source "ChessBase"]
[SourceDate "2006.11.23"]
[SourceVersion "1"]
[SourceVersionDate "2006.11.23"]
[SourceQuality "1"]

1. e4 c5 2. Nf3 Nc6 3. d4 cxd4 4. Nxd4 g6 5. Nc3 Bg7 6. Nb3 Nf6 7. g4 d5 8.
exd5 Nb4 9. Bb5+ Kf8 10. a3 Bxg4 11. f3 Bxf3 12. Qxf3 Nxc2+ 13. Kf1 Nxa1 14.
Nxa1 h5 15. Kg2 h4 16. Rd1 Rh5 17. Be2 Rf5 18. Qd3 Qb6 19. Bf3 Rd8 20. Nc2 h3+
21. Kxh3 Qf2 22. Nd4 Nxd5 23. Nxf5 Nf4+ 24. Bxf4 Rxd3 25. Rxd3 Qf1+ 26. Kg3
Qxd3 27. Nxg7 Kxg7 28. Ne2 f6 29. Kf2 e5 30. Be3 b6 31. h4 f5 32. Bg5 f4 33.
Nc3 Qd2+ 34. Kf1 Qc1+ 35. Nd1 e4 36. Bg4 b5 37. b4 a6 38. Ke1 e3 39. Kf1 Qc4+
40. Ke1 Qe4 41. Be2 Qh1+ 42. Bf1 Qf3 43. Bd3 Qg3+ 44. Kf1 Qf3+ 45. Ke1 Qd5 46.
Be2 Qd4 47. Kf1 Kh7 48. Bf3 Qd3+ 49. Be2 Qe4 50. Ke1 f3 51. Nxe3 fxe2 52. Kxe2
Qd4 53. Nc2 Qc3 54. Kd1 Kg8 55. Kc1 Kf7 56. Bd2 Qb3 57. Bg5 Qa2 58. Kd2 Qb2 59.
Be3 Ke6 60. Bd4 Qb3 61. Bc3 Kd5 62. Ne3+ Ke4 63. Nd1 Qxa3 64. Nf2+ Kf3 65. Nd3
Qa2+ 66. Bb2 Kg4 0-1

[Event "Guarapuava"]
[Site "Guarapuava"]
[Date "2006.08.??"]
[Round "8"]
[White "Fier, Alexandr"]
[Black "Mekhitarian, Krikor Sevag"]
[Result "1/2-1/2"]
[WhiteElo "2459"]
[BlackElo "2448"]
[PlyCount "84"]
[EventDate "2006.08.??"]
[EventType "tourn"]
[EventRounds "9"]
[EventCountry "BRA"]
[SourceTitle "EXT 2007"]
[Source "ChessBase"]
[SourceDate "2006.11.23"]
[SourceVersion "1"]
[SourceVersionDate "2006.11.23"]
[SourceQuality "1"]

1. d4 Nf6 2. Nc3 c5 3. d5 d6 4. e4 g6 5. Nf3 Bg7 6. Be2 O-O 7. O-O Na6 8. h3
Nc7 9. a4 b6 10. Bf4 Nd7 11. Re1 a6 12. Bf1 f6 13. Qd2 Rb8 14. Rab1 Ne5 15.
Nxe5 fxe5 16. Be3 b5 17. axb5 Nxb5 18. Nxb5 axb5 19. b4 c4 20. Ra1 Qc7 21. Ra7
Bb7 22. Rea1 Ra8 23. c3 Rxa7 24. Rxa7 Ra8 25. Qa2 Rxa7 26. Qxa7 Qd7 27. Be2 Bc8
28. Qa8 Qb7 29. Qa5 Kf7 30. Bb6 Bd7 31. Be3 e6 32. dxe6+ Bxe6 33. Qd8 Qd7 34.
Qb8 Bf6 35. Bf3 Kg7 36. Qa8 h5 37. Kf1 Qc7 38. Ke2 Bd8 39. Kd2 Qc8 40. Qa7+ Qc7
41. Qa8 Qc8 42. Qa7+ Qc7 1/2-1/2

[Event "Guarapuava"]
[Site "Guarapuava"]
[Date "2006.08.??"]
[Round "9"]
[White "Mekhitarian, Krikor Sevag"]
[Black "Garcia Palermo, Carlos H"]
[Result "1/2-1/2"]
[WhiteElo "2448"]
[BlackElo "2445"]
[PlyCount "20"]
[EventDate "2006.08.??"]
[EventType "tourn"]
[EventRounds "9"]
[EventCountry "BRA"]
[SourceTitle "EXT 2007"]
[Source "ChessBase"]
[SourceDate "2006.11.23"]
[SourceVersion "1"]
[SourceVersionDate "2006.11.23"]
[SourceQuality "1"]

1. e4 c6 2. d4 d5 3. Nc3 dxe4 4. Nxe4 Bf5 5. Ng3 Bg6 6. Bc4 e6 7. N1e2 Nf6 8.
h4 h6 9. Nf4 Bh7 10. O-O Bd6 1/2-1/2

[Event "Wch FIDE Blitz qual 3'+1"]
[Site "ICC INT"]
[Date "2006.08.20"]
[Round "4"]
[White "Mekhitarian, Krikor Sevag"]
[Black "Arutinian, David"]
[Result "1-0"]
[WhiteElo "2448"]
[BlackElo "2552"]
[PlyCount "65"]
[EventDate "2006.08.20"]
[EventType "swiss (blitz)"]
[EventRounds "12"]
[EventCountry "USA"]
[SourceTitle "EXT 2007"]
[Source "ChessBase"]
[SourceDate "2006.11.23"]
[SourceVersion "1"]
[SourceVersionDate "2006.11.23"]
[SourceQuality "1"]

1. e4 c6 2. d4 d5 3. e5 Bf5 4. Nc3 e6 5. g4 Bg6 6. Nge2 h5 7. Nf4 Ne7 8. Nxg6
Nxg6 9. gxh5 Ne7 10. Bg5 Qb6 11. Qd2 Rxh5 12. O-O-O Nd7 13. h4 O-O-O 14. Ne2
Rh8 15. Kb1 f6 16. exf6 gxf6 17. Bf4 e5 18. dxe5 fxe5 19. Be3 d4 20. Bg5 Nc5
21. Bf6 Bh6 22. Bh3+ Kb8 23. Bxe5+ Ka8 24. f4 Ne4 25. Qe1 c5 26. Bxh8 Rxh8 27.
Nxd4 cxd4 28. Qxe4 Nc6 29. Bd7 Bg7 30. Bxc6 bxc6 31. Rdg1 Bf6 32. Qe6 Bxh4 33.
Rg8+ 1-0

[Event "Vitoria op 1st"]
[Site "Vitoria"]
[Date "2006.09.07"]
[Round "1"]
[White "Fernandes, Leonardo Pelicao"]
[Black "Mekhitarian, Krikor Sevag"]
[Result "0-1"]
[WhiteElo "1891"]
[BlackElo "2448"]
[PlyCount "58"]
[EventDate "2006.09.07"]
[EventType "swiss"]
[EventRounds "7"]
[EventCountry "BRA"]
[SourceTitle "CBM 114 Extra"]
[Source "ChessBase"]
[SourceDate "2006.11.03"]
[SourceVersion "1"]
[SourceVersionDate "2006.11.03"]
[SourceQuality "1"]

1. d4 Nf6 2. c4 c5 3. d5 e6 4. Nc3 exd5 5. cxd5 d6 6. Nf3 g6 7. Bg5 Bg7 8. e3
O-O 9. Be2 a6 10. O-O b5 11. Ne4 Bf5 12. Nxf6+ Bxf6 13. Bxf6 Qxf6 14. b3 Nd7
15. Bd3 Rfe8 16. Bxf5 Qxf5 17. Qd2 a5 18. Rfd1 Nb6 19. Qd3 Qxd3 20. Rxd3 a4 21.
Rb1 axb3 22. axb3 Ra3 23. Rdd1 Re4 24. Nd2 Rb4 25. e4 Rd4 26. Kf1 Ra2 27. Ke1
f5 28. f3 Kg7 29. Ra1 Rdxd2 0-1